| 000 | 00605nam a2200181Ia 4500 | ||
|---|---|---|---|
| 008 | 090630s9999 xx 000 0 und d | ||
| 082 | _b9874 | ||
| 100 | _aदेशमुख संजीवनी. | ||
| 245 |
_aकॅरेक्टर. _cदेशमुख संजीवनी. |
||
| 260 |
_bसंतोष - पुणे. _c1982 |
||
| 300 | _a152 | ||
| 600 | _aदेशमुख संजीवनी. | ||
| 630 | _aकॅरेक्टर. | ||
| 655 | _aलघुकथा. | ||
| 700 | _aदेशमुख संजीवनी. | ||
| 730 | _aकॅरेक्टर. | ||
| 942 | _cBOOK | ||
| 999 |
_c261730 _d261730 |
||